000 00296nam a22001337a 4500
008 181031b xxu||||| |||| 00| 0 eng d
020 _a9780192623553
041 _aeng
080 _a610
100 _a4
101 _aSHM
245 _aThe Oxford Medical Companion
_cWalton,J
942 _2udc
_cBK
999 _c51313
_d51313